000 00341nam a2200145Ia 4500
008 230312s9999||||xx |||||||||||||| ||und||
082 _a330
_bYOU-E
100 _aYousaf.T.M
245 2 _aA B C of Economics
260 _bIlmi Kitab Khana
_aPakistan
_c2010
300 _a392
546 _aEng.
650 _aEconomics
_vEconomics
942 _cBK
999 _c6928
_d6928